000 00650nam a2200241 i 4500
001 C2-0004894
003 PPAK
005 20190630221827.0
008 970125s1984 enka|||| ||||| | eng d
020 _a0333442032
040 _aPPAK
_beng
_cPPAK
_erda
082 0 4 _a398.21
_223
090 0 0 _a398.21
_bBEN
_dK
100 1 _aBenjamin, Floella,
_eauthor
245 1 0 _aWhy the agouti has no tail and other stories
264 1 _aLondon :
_bMacmillan ,
_c1984
300 _a94 pages :
_billustrations ;
_c20 cm
336 _2rdacontent
_atext
337 _2rdamedia
_aunmediated
338 _2rdacarrier
_avolume
650 1 0 _aTales
942 _ddc
_cB
999 _c1304
_d1304